Every City in New Brunswick on the Map - Statistics

General Stats
  • This quiz has been taken 671 times
  • The average score is 29 of 104
Answers on the Map
Answers color-coded by a green-red scale on the quiz's map according to % correct below.
 
Answer Stats
Type Pop City % Correct
City 71.8 k Moncton
90%
City 58.2 k Fredericton
89%
City 67.5 k Saint John
87%
Village 476 Bath
67%
City 16.5 k Edmundston
65%
City 11.8 k Bathurst
64%
City 25.3 k Dieppe
63%
City 17.5 k Miramichi
61%
City 6.8 k Campbellton
52%
Town 9.2 k Oromocto
52%
Town 5.3 k Sackville
51%
Town 6.6 k Shediac
51%
Town 19.6 k Riverview
50%
Rural community 772 Saint-André
49%
Town 4.2 k Sussex
46%
Town 18.2 k Quispamsis
45%
Town 5.2 k Woodstock
43%
Town 5.3 k Grand Falls
41%
Town 11.6 k Rothesay
41%
Town 4.4 k St. Stephen
40%
Town 1.7 k Saint Andrews
39%
Regional municipality 16.1 k Tracadie
37%
Village 213 Alma
36%
Village 2.3 k Grand Manan
36%
Town 2.3 k Bouctouche
35%
Village 2.2 k Salisbury
33%
Village 2.4 k Cap-Pelé
32%
Town 4.2 k Caraquet
32%
Town 3.1 k Dalhousie
32%
Town 4.2 k Hampton
32%
Village 1.3 k Petitcodiac
31%
Town 1.2 k Richibucto
30%
Village 4.7 k Memramcook
28%
Village 2.3 k Minto
28%
Town 2.1 k Saint-Quentin
27%
Town 1.5 k St. George
27%
Village 276 St. Martins
27%
Village 1.5 k Perth-Andover
26%
Village 792 Doaktown
25%
Town 2.5 k Shippagan
25%
Village 1.1 k Chipman
24%
Village 711 Gagetown
24%
Town 4.9 k Grand Bay-Westfield
24%
Village 830 Rexton
24%
Town 1.3 k Saint-Léonard
24%
Village 958 Blackville
23%
Town 957 Hartland
23%
Village 1.2 k Hillsborough
23%
Town 1.2 k Lamèque
23%
Village 408 Port Elgin
23%
Village 1.1 k Rogersville
23%
Village 1.1 k McAdam
22%
Town 941 Nackawic
22%
Village 1.0 k Plaster Rock
22%
Village 894 Blacks Harbour
21%
Town 1.6 k Florenceville-Bristol
21%
Rural community 1.9 k Kedgwick
21%
Village 1.6 k Neguac
21%
Village 1.8 k Petit-Rocher
21%
Town 4.2 k Beresford
20%
Rural community 872 Campobello Island
20%
Village 1.3 k Charlo
20%
Rural community 2.6 k Cocagne
20%
Village 1.0 k Dorchester
20%
Village 358 Harvey
20%
Village 963 Nigadoo
20%
Village 1.7 k Saint-Antoine
20%
Village 957 Sainte-Anne-de-Madawaska
20%
Village 856 Saint-Louis de Kent
20%
Village 1.4 k Belledune
19%
Rural community 4.7 k Hanwell
19%
Village 4.1 k New Maryland
19%
Village 879 Sainte-Marie-Saint-Raphaël
19%
Village 1.3 k Norton
18%
Village 350 Riverside-Albert
18%
Village 1.6 k Balmoral
17%
Village 704 Fredericton Junction
17%
Village 1.4 k Sussex Corner
17%
Village 1.3 k Bas-Caraquet
16%
Village 899 Grande-Anse
16%
Village 3.5 k Atholville
15%
Village 690 Lac Baker
15%
Village 720 Paquetville
15%
Village 562 Cambridge-Narrows
14%
Village 495 Maisonnette
14%
Village 724 Rivière-Verte
14%
Village 412 Stanley
14%
Village 608 Tracy
14%
Rural community 6.3 k Beaubassin East
13%
Village 1.9 k Eel River Crossing
13%
Village 793 Le Goulet
13%
Village 886 Pointe-Verte
13%
Village 336 Canterbury
12%
Village 737 Drummond
12%
Village 764 Saint-Isidore
12%
Village 938 Tide Head
12%
Village 1.1 k Bertrand
11%
Village 557 Centreville
11%
Village 173 Meductic
11%
Village 647 Saint-Léolin
10%
Village 306 Aroostook
9%
Village 273 Millville
9%
Rural community 3.7 k Haut-Madawaska
5%
Rural community 2.2 k Upper Miramichi
5%
No matching quizzes found
Score Distribution
Percent of People with Each Score
Percentile by Number Answered
Your Score History
You have not taken this quiz